Geography Quiz

Random Geography or State Quiz

US States by Largest County Quiz Stats

 Plays Quiz Updated Aug 7, 2019

Score 0/50 Timer 06:00
0 Plays Today
County State % Correct
Los AngelesCalifornia
99.7%
Miami-DadeFlorida
87.8%
HonoluluHawaii
85%
PhiladelphiaPennsylvania
84.6%
Salt LakeUtah
84.2%
OklahomaOklahoma
80.9%
St. LouisMissouri
80.8%
DenverColorado
80.6%
MilwaukeeWisconsin
78.8%
AnchorageAlaska
76%
ProvidenceRhode Island
75.1%
CookIllinois
67.8%
FairfaxVirginia
58.4%
KingsNew York
56.1%
LaramieWyoming
55.9%
YellowstoneMontana
55.2%
HarrisTexas
53.3%
MaricopaArizona
50.1%
CuyahogaOhio
48.6%
MiddlesexMassachusetts
41.7%
FultonGeorgia
40.7%
WayneMichigan
39.2%
GreenvilleSouth Carolina
39.1%
FairfieldConnecticut
36.1%
BergenNew Jersey
35%
County State % Correct
KingWashington
34.6%
ClarkNevada
29.7%
New CastleDelaware
29.4%
HennepinMinnesota
27.8%
BernalilloNew Mexico
26.9%
MarionIndiana
26.1%
MecklenburgNorth Carolina
25.7%
MultnomahOregon
24.3%
ShelbyTennessee
23.5%
MontgomeryMaryland
23.2%
Minnehaha South Dakota
21.9%
CassNorth Dakota
21.7%
ChittendenVermont
16.8%
AdaIdaho
16.5%
PolkIowa
16%
CumberlandMaine
15.6%
JeffersonKentucky
15.6%
JeffersonAlabama
15.4%
JohnsonKansas
13.8%
HillsboroughNew Hampshire
13.4%
KanawhaWest Virginia
13.3%
PulaskiArkansas
12.5%
JeffersonLouisiana
12.1%
DouglasNebraska
11.8%
HindsMississippi
11.5%

You're not logged in!

Compare scores with friends on all Sporcle quizzes.
OR
Log In

Sporcle TV

Today on Sporcle TV


Watch our educational content, quiz creation guides, and fun videos on Sporcle TV.

Show Comments

Extras

Top Quizzes Today


Score Distribution

Your Account Isn't Verified!

In order to create a playlist on Sporcle, you need to verify the email address you used during registration. Go to your Sporcle Settings to finish the process.

Report this User

Report this user for behavior that violates our Community Guidelines.

Details: